000 02097nam a2200193 i 4500
001 172570
003 ES-MaACL
005 20230929062540.0
008 090721s1873 sp |||| | spa d
080 _a821.134.2
080 _a811.134.2
110 2 _aReal Academia Española
_96336
245 1 0 _aMemorias de la Real Academia Española,
_f1873 /
_cReal Academia Española.
260 _aMadrid :
_b[s.n.],
_c1873 (
_fImp. M. Ribedeneyra)
300 _a1 v. ;
_c24 cm.
505 8 _aContiene: T. IV: Acta de la junta ordinaria que celebró la Real Academia Española el 15 de febrero de 1872 (11 p.). Canto tercero de las Lusiadas / Luis de Camoes (p. 12-43). Fraternidad de los idiomas y de las letras de Portugal y de Castilla / Leopoldo Augusto de Cueto (p. 44-141). Las Cantigas del Rey Sabio / Juan Valera (p. 144-178). Discurso necrológico a la honra de Antonio Aparici y Guijarro / Cándido Nocedal (p. 179-240). Apuntes para un discurso / Antonio Aparici y Guijarro (p. 241-273). Academias americanas correspondientes a la Española / Fermín de la Puente y Apezechea (p. 274-289). Sobre el género gramatical de la voz tramvia (p. 290-306). Oración fúnebre en las honras de Miguel de Cervantes pronunciada el 23 de abril de 1873 / Jacinto María Martínez y Sáez (p.307-339). Breves consideraciones acerca del idioma válaco, o romance oriental, comparado con el castellano y demás romances occidentales / Pedro Felipe Monlau (p. 340-366). Discurso leído el 24 de noviembre de 1872 / Antonio Benavides (p. 367-397). Contestación / Marqués de Molins (p. 398-424). Del drama lírico y de la lengua castellana como elemento musical / Antonio Arnao (p. 425-465). Contestación / Antonio María Segovia (p. 466-503). Discurso leído el 13 de abril de 1873 / Antonio Arnao (p. 504-550). Contestación / Aureliano Fernández-Guerra y Orbe (p. 551-593). Eneida de Virgilio traducida / Fermín de la Puente y Apezechea (p. 594-647). A la ilustre Academia Española, respetuoso homenaje / José Antonio Calcaño (p. 648-656).
852 _aES-MaACL
_jK-162
999 _c172570
_d172570